000 00760nam a2200253Ia 4500
003 OSt
005 20221006160810.0
006 a|||||r|||| 00| 0
007 ta
008 221006b |||||||| |||| 00| 0 eng d
020 _a9781931368230
_c
_28.95
024 _a46,409
037 _cTextual
040 _aEASL
_cEASL
_beng
041 _2eng
_aeng
082 _aX8(A).42.P1, Q3
100 _aKUSHIDA Kenji E.and others Ed.
_9675103
245 0 _aSyncretism
_bThe politics of economic restructuring and system reform in Japan
260 _aStanford
_bAsia-Pacific Research Center
_c2013
300 _a265p.
_ccm.
490 _v JEL
942 _hX8(A).42.P1, Q3
_cTEXL
_2CC
999 _c1114499
_d1114499